| 000 | 00977nam a22002897a 4500 | ||
|---|---|---|---|
| 001 | 5196 | ||
| 003 | FISKH | ||
| 005 | 20241213143258.0 | ||
| 008 | 241118b cb ||||| |||| 00| 0 eng d | ||
| 020 | _a9780531220085 | ||
| 040 |
_aFISKH _beng _cFISKH _dFISKH |
||
| 050 | _aT385.C8535 | ||
| 082 | _a006.6 | ||
| 100 | _aCunningham, Kevin | ||
| 245 |
_aComputer graphics : _bfrom concept to consumer / _cby Kevin Cunningham |
||
| 260 |
_aNew York : _bChildren's Press ; _c2014 . |
||
| 300 |
_a64 pages : _bcolor illustrations ; _c24 cm . |
||
| 490 | _aCalling All Innovators: A Career For You | ||
| 505 | _aZ | ||
| 520 | _aExplores the computer graphics industry and what it takes to be a computer graphic designer. | ||
| 521 | 8 |
_a1170
_bLexile |
|
| 521 | 8 |
_aZ
_bRaz-Plus |
|
| 650 |
_acomputer graphics-history _vjuvenile literature |
||
| 650 |
_acomputer graphics -Vacational guidance _vjuvenile literature |
||
| 942 |
_2ddc _cBK _n0 |
||
| 999 |
_c5196 _d5196 |
||